1659 1480 1194 1456 1874 1583 1860 1016 1663 1918 1098 1846 1571 1854 1139 1393 1520 1213 1120 1880 1668 1497 1573 1814 1056 1747 1653 1108 1575 1032 1752 1511 1298 1987 1395 1412 1329 1589 1421 1138 1134 1632 1477 1010 1704 1766 1469 1727 1001 1185 1581 1459 1505 1813 1451 1404 1837 1373 1777 1365 1427 1936 1407 1662 1376 1806 1443 1867 1313 1875 1632 1350 1315 1782 1106 1573 1277 1428 1171 1093 1938 1505 1163 1329 1051 1240 1483 1151 1313 1891 1079 1953 1972 1041 1471 1690 1032 1789 1567 BCNSPRNW ULIB Ver.6.0+V

เปลี่ยนเป็นภาษาไทย

Change to English
 แสดงรายละเอียดบรรณานุกรม
  กลับหน้าหลัก

Brief Record : Get Marc (ISO 2709) : E-mail record : QR code < ปิดหน้าต่าง
LEADER : 00000nam 2200000uu 4500
001    13399113595
003     ULIB
008    110221s2552||||th 000 0 tha d
020    9786165510431
060 04 WS420^bน315ป 2552
245 00 ปัญหาที่พบบ่อยในเด็ก :^bแนวทางการดูแลรักษา /^cนวลจันทร์ปราบพาล ... [และคนอื่นๆ] บรรณาธิการ
250    พิมพ์ครั้งที่ 2
260    กรุงเทพฯ :^bภาควิชากุมารเวชศาสตร์ คณะแพทยศาสตร์จุฬาลงกรณ์มหาวิทยาลัย,^c2552
300    x, 774 หน้า :^bภาพประกอบ ;^c21 ซม.
650  7 กุมารเวชศาสตร์
650  7 เด็ก^xการดูแล
650  7 เด็ก^xสุขภาพและอนามัย
650  7 เด็ก, โรค^xการป้องกันและรักษา
700 0  นวลจันทร์ ปราบพาล,^eบรรณาธิการ
710 2  จุฬาลงกรณ์มหาวิทยาลัย. ^bคณะแพทยศาสตร์.^bภาควิชากุมารเวชศาสตร์
945    ^p0^l0^i021243
945    ^p0^l0^i021244
995    ทศพร
999 ^a ใช้งานได้ทุกระบบ
รายการนี้ยังไม่มีแท็ก
คุณยังไม่ได้ล็อกอิน คุณสามารถมีกิจกรรมร่วมกับเว็บไซต์ได้ แต่ต้องล็อกอินก่อน ::
  ล็อกอิน

รายการสื่อสารสนเทศ

ลำดับที่ ประเภท เลขเรียก/บาร์โค้ด สถานที่ สถานะ
- ไม่พบข้อมูล -

รายการใกล้เคียง
    หัวเรื่อง [กุมารเวชศาสตร์]
    หัวเรื่อง [เด็ก การดูแล]

BibComment


ยังไม่เคยถูกคอมเมนท์

คอมเมนท์ทรัพยากรรายการนี้
  คอมเมนท์: ปัญหาที่พบบ่อยในเ..


 Copyright 2026. Bcnsprnw @Library